000 01743cam a22004094i 4500
003 PE-LiUPU
005 20250731183426.0
008 150706s r 000 0 d
020 _a9681673638
035 _a(Sirsi) i9789681673635
040 _aPE-LiUPU
_bspa
_cPE-LiUPU
_erda
049 _aPRUA
082 0 4 _a781.21
_bA14
_221
100 1 _aAbromont, Claude,
_eautor.
245 1 0 _aTeoría de la música una guía /
_cClaude Abromont Eugène de Montalem.
264 1 _aMéxico :
_bFondo de Cultura Económica,
_c2005.
300 _a622 páginas :
_bilustraciones ;
_c23 centímetros
336 _atext
_2rdacontent
337 _aunmediated
_2rdamedia
338 _avolume
_2rdacarrier
504 _aIncluye bibliografía.
505 0 _aLa teoría de la música -- Una nueva teoría -- Las alturas -- Las duraciones y el ritmo -- La tonalidad -- El compás y el movimiento -- La armonía -- La interpretación y el fraseo -- La notación musical -- El lenguaje musical -- La práctica musical.
526 _aP158
526 _aP146
526 _aP17
526 _aP12
526 _aP06
541 _g004-0002233;
650 0 4 _aMúsica.
700 1 _aMontalembert, Eugene de.
910 _bjv
_clch
_d20100824
942 _2ddc
_cBOOK
949 _a781.21 A14
_wDEWEY
_c1
_i62025
_lCCODEBUL1
_mBUL
_p49.00
_r0
_sY
_tBOOK
_u2015-7-6
_xTEOLOGIA
_PP35
_0COMPRA
_o.STAFF. Colección General
994 _aC0
_bPEPRU
596 _a1
999 _a781.21 A14
_wDEWEY
_c51140
_i62025
_d51140
_e2018-8-13
_f2021-11-11
_g5
_lCCODEBUL1
_mBUL
_n2
_p49.00
_q3
_r0
_sY
_tBOOK
_u2015-7-6
_xTEOLOGIA
_PP35
_0COMPRA
_o.STAFF. Colección General
980 _81
_gALBERTO SANCHEZ Responsable de Automatización